000 00446nam a22001697a 4500
005 20180625103027.0
008 160502b xxu||||| |||| 00| 0 eng d
020 _a81-203-2682-2
041 _aeng
082 _b1095
_a658
100 _aMURTHY AND MANIMARAN
_94399
245 _aResaurce Management in Real Time Systems and Networks.
260 _aNew Delhi
_bPrentice hall of India,
300 _a449
650 _aManagement
_9241
942 _cBK
999 _c411
_d411